[Event "4th GRENKE Open 2019"]
[Site "Karlsruhe"]
[Date "2019.04.21"]
[Round "7.17"]
[White "Gatineau, Yovann"]
[Black "Neiksans, Arturs"]
[Result "0-1"]
[WhiteElo "2366"]
[BlackElo "2559"]
[Annotator "ChessBase"]
[PlyCount "108"]
[EventDate "2019.04.18"]
[EventType "swiss"]
[EventCountry "GER"]
[SourceTitle "playchess.com"]
[Source "ChessBase"]
[SourceQuality "1"]

1. d4 Nf6 2. Nf3 e6 3. c4 b6 4. g3 Bb7 5. Bg2 Bb4+ 6. Bd2 a5 7. O-O O-O 8. Nc3 d6 9. Qc2 Bxc3 10. Bxc3 Be4 11. Qd2 Nbd7 12. Rac1 Qe7 13. Rfd1 Rad8 14. Bh3 h6 15. Qe3 Rfe8 16. b3 Bh7 17. Bg2 Ng4 18. Qd2 f5 19. a3 Ndf6 20. Qb2 Ne4 21. Be1 Qf7 22. h3 Ngf6 23. Nd2 Ng5 24. c5 Qh5 25. h4 Nge4 26. cxb6 cxb6 27. f3 Nxd2 28. Bxd2 Qg6 29. Kh2 Nh5 30. Be1 f4 31. gxf4 Nxf4 32. Bf1 Qf6 33. e3 Ng6 34. Qf2 Rc8 35. Bh3 Ne7 36. Kh1 Rf8 37. Bg2 Nd5 38. Qd2 Bg6 39. Rxc8 Rxc8 40. Rc1 Rf8 41. Bg3 Bh5 42. Bxd6 Qxh4+ 43. Kg1 Rxf3 44. Qd3 Qf2+ 45. Kh2 Qh4+ 46. Kg1 Rf5 47. Rc8+ Kh7 48. e4 Qf2+ 49. Kh2 Bf3 50. Qxf3 Rxf3 51. exd5 exd5 52. Be5 Rf5 53. Kh3 Rh5+ 54. Kg4 Rh4# 0-1

[Event "4th GRENKE Open 2019"]
[Site "Karlsruhe"]
[Date "2019.04.21"]
[Round "7.19"]
[White "Bacrot, Etienne"]
[Black "Kilgus, Georg"]
[Result "1-0"]
[WhiteElo "2683"]
[BlackElo "2429"]
[Annotator "TA"]
[PlyCount "77"]
[EventDate "2019.04.18"]
[EventType "swiss"]
[EventCountry "GER"]
[SourceTitle "playchess.com"]
[Source "ChessBase"]
[SourceQuality "1"]

1. e4 c5 2. Nf3 e6 3. d4 cxd4 4. Nxd4 Nc6 5. Nc3 Qc7 6. Be3 a6 7. Qf3 Nf6 8. O-O-O Nxd4 9. Bxd4 e5 10. Be3 d6 11. Rd3 Be6 12. Bg5 Be7 13. Bxf6 Bxf6 14. Nd5 Bg5+ 15. Kb1 Qa5 16. h4 Bd8 17. g4 Rc8 18. g5 O-O 19. Bh3 Rc4 20. c3 b5 21. g6 hxg6 22. h5 g5 23. h6 Bxd5 24. Rxd5 Qc7 25. hxg7 Kxg7 26. Bf5 Rh8 27. Rxh8 Kxh8 28. Qh5+ Kg7 29. Qh7+ Kf8 30. Qh6+ Ke7 31. Qxg5+ Kf8 32. Qh6+ Ke7 33. Rd1 Qb6 34. f4 Rc5 35. Qh4+ Ke8 36. Qh8+ Ke7 37. Qh4+ Ke8 38. Qh8+ Ke7 39. b4 1-0

[Event "4th GRENKE Open 2019"]
[Site "Karlsruhe"]
[Date "2019.04.21"]
[Round "7.21"]
[White "Kuzubov, Yuriy"]
[Black "Schitco, Ivan"]
[Result "1-0"]
[WhiteElo "2653"]
[BlackElo "2424"]
[Annotator "ChessBase"]
[PlyCount "77"]
[EventDate "2019.04.18"]
[EventType "swiss"]
[EventCountry "GER"]
[SourceTitle "playchess.com"]
[Source "ChessBase"]
[SourceQuality "1"]

1. d4 Nf6 2. Nf3 d5 3. c4 e6 4. g3 dxc4 5. Bg2 a6 6. O-O Nc6 7. e3 Bd7 8. Qe2 Bd6 9. Qxc4 O-O 10. Rd1 Rb8 11. Nbd2 Qe7 12. b3 e5 13. Bb2 e4 14. Ng5 Bf5 15. d5 Ne5 16. Bxe5 Bxe5 17. Rac1 b5 18. Qc2 Nxd5 19. Bxe4 Bg6 20. Bxg6 hxg6 21. Ndf3 Nf6 22. Nxe5 Qxe5 23. h4 Ne8 24. e4 Rb6 25. f4 Qe7 26. e5 f6 27. Nf3 Qf7 28. Rd2 Qe6 29. Qxg6 Rc6 30. Rxc6 Qxc6 31. Qd3 fxe5 32. Nxe5 Qc5+ 33. Qd4 Qxd4+ 34. Rxd4 Nd6 35. g4 a5 36. Kg2 Rb8 37. Kf3 b4 38. f5 Nb5 39. Rd7 1-0

[Event "4th GRENKE Open 2019"]
[Site "Karlsruhe"]
[Date "2019.04.21"]
[Round "7.22"]
[White "Banusz, Tamas"]
[Black "Rosner, Jonas"]
[Result "1-0"]
[WhiteElo "2614"]
[BlackElo "2416"]
[Annotator "ChessBase"]
[PlyCount "131"]
[EventDate "2019.04.18"]
[EventType "swiss"]
[EventCountry "GER"]
[SourceTitle "playchess.com"]
[Source "ChessBase"]
[SourceQuality "1"]

1. d4 d5 2. Nf3 Nf6 3. g3 e6 4. Bg2 Be7 5. c4 O-O 6. Nc3 dxc4 7. Ne5 Nc6 8. Bxc6 bxc6 9. Nxc6 Qe8 10. Nxe7+ Qxe7 11. Qa4 c5 12. dxc5 Qxc5 13. Be3 Qc7 14. O-O-O Bb7 15. f3 Nd5 16. Bd4 Rfd8 17. e4 Nxc3 18. Bxc3 Qc5 19. Qa5 Qxa5 20. Bxa5 Rd3 21. Rxd3 cxd3 22. Kd2 Ba6 23. Rc1 Rc8 24. Rxc8+ Bxc8 25. Kxd3 Ba6+ 26. Kd4 Be2 27. f4 Kf8 28. Kc5 Bd3 29. e5 Ke8 30. Kc6 a6 31. Kc7 h5 32. Kc8 Bb1 33. a3 Bd3 34. b4 Bb5 35. Bb6 Ke7 36. Bc5+ Ke8 37. Be3 Ke7 38. Kc7 Ke8 39. Bc5 g6 40. Be3 Ke7 41. Bd4 Ke8 42. Bc5 Ba4 43. Kb7 Bb5 44. a4 Bxa4 45. Kxa6 Kd7 46. b5 Kc8 47. Kb6 Kd7 48. Bb4 Kc8 49. Kc6 Kd8 50. Bc3 Kc8 51. Ba5 Kb8 52. Kc5 Kb7 53. b6 Bc2 54. Kd6 Be4 55. Ke7 Ka6 56. Kxf7 Kxa5 57. Kxe6 Kxb6 58. Kd6 Bd3 59. e6 Bb5 60. h3 Kb7 61. g4 hxg4 62. hxg4 Kc8 63. Ke7 Bd3 64. Kf8 Bb5 65. e7 Kc7 66. e8=Q 1-0

[Event "4th GRENKE Open 2019"]
[Site "Karlsruhe"]
[Date "2019.04.21"]
[Round "7.23"]
[White "Bosiocic, Marin"]
[Black "Inkiov, Ventzislav"]
[Result "1-0"]
[WhiteElo "2613"]
[BlackElo "2421"]
[Annotator "ChessBase"]
[PlyCount "49"]
[EventDate "2019.04.18"]
[EventType "swiss"]
[EventCountry "GER"]
[SourceTitle "playchess.com"]
[Source "ChessBase"]
[SourceQuality "1"]

1. d4 Nf6 2. c4 e6 3. Nf3 d5 4. g3 dxc4 5. Bg2 c5 6. O-O Nc6 7. Ne5 Nxe5 8. dxe5 Nd5 9. Na3 c3 10. bxc3 Nxc3 11. Qc2 Nd5 12. Rd1 Bd7 13. Nc4 Qc7 14. Bb2 Be7 15. Nd6+ Kf8 16. Rac1 b6 17. Rxd5 exd5 18. Bxd5 Bc6 19. Qe4 Bxd5 20. Qxd5 Bxd6 21. exd6 Qd8 22. Rc4 a5 23. d7 Ra7 24. Bxg7+ Kg8 25. Bh6 1-0

[Event "4th GRENKE Open 2019"]
[Site "Karlsruhe"]
[Date "2019.04.21"]
[Round "7.24"]
[White "Parvanyan, Ashot"]
[Black "Van Wely, Loek"]
[Result "0-1"]
[WhiteElo "2409"]
[BlackElo "2612"]
[Annotator "ChessBase"]
[PlyCount "78"]
[EventDate "2019.04.18"]
[EventType "swiss"]
[EventCountry "GER"]
[SourceTitle "playchess.com"]
[Source "ChessBase"]
[SourceQuality "1"]

1. Nf3 d5 2. d4 c6 3. c4 dxc4 4. e3 Be6 5. Qc2 Nf6 6. Bxc4 Bxc4 7. Qxc4 e6 8. O-O Nbd7 9. Nc3 Be7 10. a4 O-O 11. e4 c5 12. e5 Nb6 13. Qb5 a6 14. Qe2 Nfd5 15. a5 cxd4 16. Nxd4 Nxc3 17. bxc3 Nd7 18. f4 Rc8 19. f5 Qc7 20. f6 gxf6 21. exf6 Nxf6 22. Bf4 Qc4 23. Qd1 Qd5 24. Rf3 Kh8 25. Qe2 Ne4 26. Kh1 Bf6 27. Bh6 Rg8 28. Nc2 Rxc3 29. Raf1 Rxf3 30. Qxf3 Rg6 31. Ne3 Qb5 32. Qxe4 Rxh6 33. Qf4 Rg6 34. Ng4 Bc3 35. Nh6 Rxh6 36. Rd1 Rg6 37. Qxf7 Rg8 38. Qxe6 Qxa5 39. h3 Qg5 0-1

[Event "4th GRENKE Open 2019"]
[Site "Karlsruhe"]
[Date "2019.04.21"]
[Round "7.25"]
[White "Low, Zhen Yu Cyrus"]
[Black "Moussard, Jules"]
[Result "1/2-1/2"]
[WhiteElo "2418"]
[BlackElo "2598"]
[Annotator "ChessBase"]
[PlyCount "106"]
[EventDate "2019.04.18"]
[EventType "swiss"]
[EventCountry "GER"]
[SourceTitle "playchess.com"]
[Source "ChessBase"]
[SourceQuality "1"]

1. e4 c5 2. Nf3 d6 3. d4 cxd4 4. Nxd4 Nf6 5. Nc3 a6 6. g3 e5 7. Nde2 Be7 8. Bg2 O-O 9. O-O b5 10. Nd5 Nxd5 11. Qxd5 Ra7 12. Be3 Rb7 13. Rfd1 Nd7 14. b3 Nf6 15. Qd3 Be6 16. a4 h6 17. axb5 axb5 18. Ra6 b4 19. Rda1 Qb8 20. h3 Rc8 21. R1a2 Nd7 22. Qd1 Nc5 23. Bxc5 dxc5 24. Qa1 c4 25. Ra8 Qc7 26. Rxc8+ Bxc8 27. Nc1 Be6 28. Bf1 cxb3 29. Nxb3 Qc3 30. h4 Rc7 31. Qxc3 Rxc3 32. Rb2 f5 33. Bh3 g6 34. h5 Kf7 35. hxg6+ Kxg6 36. Ra2 Bc8 37. exf5+ Bxf5 38. Ra6+ Kg5 39. f4+ exf4 40. gxf4+ Kxf4 41. Bxf5 Kxf5 42. Rxh6 Kg4 43. Re6 Bf8 44. Re2 Bd6 45. Kf1 Bg3 46. Re4+ Kh3 47. Ke2 Rxc2+ 48. Kd1 Rc8 49. Rxb4 Kg2 50. Nd2 Rd8 51. Ke2 Re8+ 52. Re4 Re5 53. Rxe5 Bxe5 1/2-1/2

[Event "4th GRENKE Open 2019"]
[Site "Karlsruhe"]
[Date "2019.04.21"]
[Round "7.26"]
[White "Kozul, Zdenko"]
[Black "Benkovic, Petar"]
[Result "1-0"]
[WhiteElo "2589"]
[BlackElo "2405"]
[Annotator "ChessBase"]
[PlyCount "85"]
[EventDate "2019.04.18"]
[EventType "swiss"]
[EventCountry "GER"]
[SourceTitle "playchess.com"]
[Source "ChessBase"]
[SourceQuality "1"]

1. d4 Nf6 2. c4 e6 3. g3 d5 4. Bg2 Be7 5. Nf3 O-O 6. O-O Nbd7 7. Qc2 c6 8. Nbd2 b6 9. e4 Bb7 10. e5 Ne8 11. cxd5 cxd5 12. Re1 Qc7 13. Qd1 Rc8 14. Nb1 Ba6 15. Nc3 Nb8 16. Bg5 Nc6 17. Bxe7 Qxe7 18. a3 Nc7 19. Rc1 Na5 20. Nh4 Nb5 21. Nxb5 Rxc1 22. Qxc1 Bxb5 23. f4 Qd7 24. Qe3 Rc8 25. f5 exf5 26. Bh3 Nc4 27. Qf4 Qe8 28. Nxf5 Bd7 29. b3 Bxf5 30. Qxf5 Nd6 31. Qf1 Ne4 32. Bxc8 Qxc8 33. Rc1 Qg4 34. Qe2 Qf5 35. Qc2 g5 36. Qc8+ Qxc8 37. Rxc8+ Kg7 38. Rc7 Kg6 39. Rxa7 Nd2 40. Rb7 Nf3+ 41. Kf2 Nxd4 42. Rxb6+ Kf5 43. a4 1-0

[Event "4th GRENKE Open 2019"]
[Site "Karlsruhe"]
[Date "2019.04.21"]
[Round "7.27"]
[White "Bernadskiy, Vitaliy"]
[Black "Roseneck, Jonas"]
[Result "1-0"]
[WhiteElo "2587"]
[BlackElo "2407"]
[Annotator "ChessBase"]
[PlyCount "65"]
[EventDate "2019.04.18"]
[EventType "swiss"]
[EventCountry "GER"]
[SourceTitle "playchess.com"]
[Source "ChessBase"]
[SourceQuality "1"]

1. e4 c5 2. Ne2 d6 3. g3 Nc6 4. Bg2 g6 5. c3 e5 6. d4 Bg7 7. Be3 b6 8. O-O Nge7 9. d5 Nb8 10. f4 O-O 11. Nd2 Bg4 12. h3 Bxe2 13. Qxe2 exf4 14. gxf4 Nd7 15. Nc4 Nc8 16. a4 a6 17. Bf2 Re8 18. Qf3 Ra7 19. Bg3 Qe7 20. Rae1 Qd8 21. e5 b5 22. Nxd6 Nxd6 23. exd6 f5 24. Rxe8+ Qxe8 25. Re1 Qb8 26. Re7 Qxd6 27. Qe2 Bf8 28. Re6 Qc7 29. d6 Bxd6 30. Bd5 Kg7 31. Bh4 Bxf4 32. Re7+ Kh6 33. Bg8 1-0

[Event "4th GRENKE Open 2019"]
[Site "Karlsruhe"]
[Date "2019.04.21"]
[Round "7.28"]
[White "Wagner, Dennis"]
[Black "Domingo Nunez, Alejandro"]
[Result "1-0"]
[WhiteElo "2577"]
[BlackElo "2396"]
[Annotator "ChessBase"]
[PlyCount "75"]
[EventDate "2019.04.18"]
[EventType "swiss"]
[EventCountry "GER"]
[SourceTitle "playchess.com"]
[Source "ChessBase"]
[SourceQuality "1"]

1. d4 Nf6 2. Nf3 e6 3. c4 b6 4. g3 Bb7 5. Bg2 Be7 6. O-O O-O 7. Re1 Na6 8. a3 c5 9. d5 exd5 10. Nh4 Ne4 11. cxd5 Bxh4 12. Bxe4 Bf6 13. Bg2 d6 14. Nc3 Qd7 15. Rb1 Nc7 16. Bd2 Rac8 17. e4 a5 18. Qh5 Ra8 19. b4 axb4 20. axb4 c4 21. Qe2 Rfc8 22. Qf1 Nb5 23. Bh3 Qxh3 24. Qxh3 Nxc3 25. Bxc3 Bxc3 26. Rec1 Be5 27. Qd7 Rab8 28. Qb5 c3 29. Ra1 Bd4 30. Ra7 Rc7 31. Qd3 Bf6 32. Qe3 b5 33. Qb6 Bd8 34. Qxd6 Rbc8 35. Rxb7 Rxb7 36. Rxc3 Ra8 37. Qc6 Rab8 38. Qe8# 1-0

[Event "4th GRENKE Open 2019"]
[Site "Karlsruhe"]
[Date "2019.04.21"]
[Round "7.29"]
[White "Spyropoulos, Nikolaos"]
[Black "Kollars, Dmitrij"]
[Result "1/2-1/2"]
[WhiteElo "2400"]
[BlackElo "2570"]
[Annotator "ChessBase"]
[PlyCount "72"]
[EventDate "2019.04.18"]
[EventType "swiss"]
[EventCountry "GER"]
[SourceTitle "playchess.com"]
[Source "ChessBase"]
[SourceQuality "1"]

1. e4 e5 2. Nf3 Nc6 3. Bc4 Nf6 4. d3 Bc5 5. O-O d6 6. a4 a5 7. c3 O-O 8. h3 Be6 9. Nbd2 h6 10. Re1 Qb8 11. Qb3 Qa7 12. Re2 Rfe8 13. Nf1 Rad8 14. Ne3 Bxe3 15. Bxe3 Qa8 16. Rae1 Qc8 17. Bd2 Qd7 18. Bxe6 Rxe6 19. d4 exd4 20. Nxd4 Nxd4 21. cxd4 d5 22. e5 Ne4 23. Qxb7 Rb6 24. Qa7 Rxb2 25. Bxa5 Rxe2 26. Rxe2 Qxa4 27. Kh2 Re8 28. Rb2 c5 29. Rb7 Qxd4 30. Rxf7 Qxe5+ 31. f4 Qd4 32. Qd7 Rf8 33. Rxf8+ Kxf8 34. Bc7 Nd2 35. f5 Nf3+ 36. gxf3 Qf2+ 1/2-1/2

[Event "4th GRENKE Open 2019"]
[Site "Karlsruhe"]
[Date "2019.04.21"]
[Round "7.30"]
[White "Werle, Jan"]
[Black "Haast, Mark"]
[Result "1-0"]
[WhiteElo "2556"]
[BlackElo "2381"]
[Annotator "ChessBase"]
[PlyCount "67"]
[EventDate "2019.04.18"]
[EventType "swiss"]
[EventCountry "GER"]
[SourceTitle "playchess.com"]
[Source "ChessBase"]
[SourceQuality "1"]

1. Nf3 Nf6 2. c4 e6 3. Nc3 Bb4 4. Qc2 d5 5. a3 Be7 6. d4 O-O 7. Bg5 h6 8. Bh4 b6 9. cxd5 exd5 10. e3 Bb7 11. Bd3 Nbd7 12. O-O a6 13. Rad1 Ne8 14. Bg3 Nd6 15. Ne5 Nf6 16. Ne2 Rc8 17. Nc6 Qd7 18. Rc1 Nc4 19. Ne5 Nxe5 20. Bf5 Qxf5 21. Qxf5 Nc4 22. Qc2 Ne4 23. b3 Nxa3 24. Qxc7 Rxc7 25. Rxc7 Nd2 26. Rd1 Bb4 27. Rxb7 b5 28. Nf4 Nxb3 29. Nxd5 a5 30. Nxb4 axb4 31. Bd6 Na5 32. Ra7 Nc6 33. Ra6 Rc8 34. d5 1-0

[Event "4th GRENKE Open 2019"]
[Site "Karlsruhe"]
[Date "2019.04.21"]
[Round "7.31"]
[White "Menezes, Christoph"]
[Black "Hakobyan, Aram"]
[Result "0-1"]
[WhiteElo "2399"]
[BlackElo "2554"]
[Annotator "ChessBase"]
[PlyCount "78"]
[EventDate "2019.04.18"]
[EventType "swiss"]
[EventCountry "GER"]
[SourceTitle "playchess.com"]
[Source "ChessBase"]
[SourceQuality "1"]

1. Nf3 Nf6 2. c4 b6 3. g3 Bb7 4. Bg2 g6 5. b3 Bg7 6. Bb2 O-O 7. O-O e6 8. Nc3 d6 9. Re1 Ne4 10. Qc2 f5 11. d3 Nxc3 12. Bxc3 Bxc3 13. Qxc3 Nd7 14. Rac1 Qe7 15. b4 a5 16. a3 g5 17. Ne5 Bxg2 18. Nxd7 Qxd7 19. Kxg2 f4 20. f3 e5 21. g4 Qe6 22. Rb1 Rf7 23. Qb3 h5 24. h3 a4 25. Qc2 c6 26. b5 c5 27. Rh1 Rh7 28. Rh2 Kg7 29. Rbh1 d5 30. cxd5 Qxd5 31. h4 hxg4 32. hxg5 Rxh2+ 33. Rxh2 g3 34. Rh6 Qd4 35. Qa2 Qf2+ 36. Kh3 Qh2+ 37. Kg4 g2 38. Qe6 g1=Q+ 39. Kf5 Rf8+ 0-1

[Event "4th GRENKE Open 2019"]
[Site "Karlsruhe"]
[Date "2019.04.21"]
[Round "7.32"]
[White "Grigorian, Spartak"]
[Black "Antal, Gergely"]
[Result "0-1"]
[WhiteElo "2384"]
[BlackElo "2552"]
[Annotator "ChessBase"]
[PlyCount "74"]
[EventDate "2019.04.18"]
[EventType "swiss"]
[EventCountry "GER"]
[SourceTitle "playchess.com"]
[Source "ChessBase"]
[SourceQuality "1"]

1. Nf3 c5 2. e3 d5 3. b3 Nf6 4. Bb2 Bg4 5. h3 Bxf3 6. Qxf3 Nc6 7. Bb5 Rc8 8. O-O a6 9. Bxc6+ Rxc6 10. c4 dxc4 11. bxc4 e6 12. Rd1 Be7 13. d4 cxd4 14. Bxd4 Qc7 15. Nd2 O-O 16. Rab1 Rd8 17. Bxf6 Bxf6 18. Ne4 Rxd1+ 19. Rxd1 Be7 20. Nd2 Bb4 21. Qe2 h6 22. Rc1 Bxd2 23. Qxd2 Rxc4 24. Rxc4 Qxc4 25. Qd8+ Kh7 26. Qd7 b5 27. Qxf7 Qxa2 28. g4 b4 29. f4 Qb1+ 30. Kf2 Qg6 31. Qb7 Qc2+ 32. Kg3 a5 33. e4 b3 34. g5 hxg5 35. fxg5 b2 36. Qf7 Qd3+ 37. Kf2 Qd2+ 0-1

[Event "4th GRENKE Open 2019"]
[Site "Karlsruhe"]
[Date "2019.04.21"]
[Round "7.33"]
[White "Pavlidis, Antonios"]
[Black "Lye, Lik Zang"]
[Result "1-0"]
[WhiteElo "2537"]
[BlackElo "2377"]
[Annotator "ChessBase"]
[PlyCount "109"]
[EventDate "2019.04.18"]
[EventType "swiss"]
[EventCountry "GER"]
[SourceTitle "playchess.com"]
[Source "ChessBase"]
[SourceQuality "1"]

1. e4 c5 2. Nf3 d6 3. d4 Nf6 4. Nc3 cxd4 5. Nxd4 Nc6 6. Bg5 Bd7 7. Be2 e6 8. Ndb5 Qb8 9. Bxf6 gxf6 10. O-O a6 11. Nd4 Qc7 12. Kh1 Be7 13. Bh5 Nxd4 14. Qxd4 Qc5 15. Qd1 Bc6 16. f4 f5 17. Bf3 fxe4 18. Nxe4 Bxe4 19. Bxe4 O-O-O 20. c4 Kb8 21. Rc1 f5 22. Bf3 Bf6 23. b4 Qd4 24. Qa4 e5 25. Bd5 exf4 26. b5 a5 27. Qxa5 Qa7 28. Qxa7+ Kxa7 29. b6+ Kb8 30. Rb1 Be5 31. g3 Rhe8 32. gxf4 Bd4 33. Rfe1 Be3 34. Re2 Bxf4 35. Rf2 Be3 36. Rxf5 Rd7 37. a4 Rde7 38. a5 Bd2 39. Bf3 Re5 40. Rb5 Re1+ 41. Kg2 Rg8+ 42. Kh3 Re6 43. Rf7 Rh6+ 44. Rh5 Rxh5+ 45. Bxh5 Bxa5 46. Bf3 Kc8 47. Bxb7+ Kd8 48. Bd5 Re8 49. b7 Bc7 50. Bc6 Re3+ 51. Kg4 Bb8 52. Rd7+ Ke8 53. Rxh7+ Kd8 54. Rd7+ Ke8 55. Rc7+ 1-0

[Event "4th GRENKE Open 2019"]
[Site "Karlsruhe"]
[Date "2019.04.21"]
[Round "7.34"]
[White "D`Costa, Lorin"]
[Black "Noe, Christopher"]
[Result "1/2-1/2"]
[WhiteElo "2390"]
[BlackElo "2537"]
[Annotator "ChessBase"]
[PlyCount "49"]
[EventDate "2019.04.18"]
[EventType "swiss"]
[EventCountry "GER"]
[SourceTitle "playchess.com"]
[Source "ChessBase"]
[SourceQuality "1"]

1. Nf3 d5 2. g3 c6 3. Bg2 Bg4 4. c4 e6 5. O-O Nf6 6. d3 Be7 7. Qb3 Qc8 8. Nc3 Nbd7 9. cxd5 exd5 10. e4 O-O 11. Be3 Nb6 12. Qc2 Rd8 13. Ne2 dxe4 14. dxe4 Qe6 15. Nfd4 Qc4 16. Rfc1 Bxe2 17. Nxe2 Qxc2 18. Rxc2 Ng4 19. Bd4 Bf6 20. Bxf6 Nxf6 21. f3 Rd3 22. Nf4 Rd4 23. Ne2 Rd3 24. Nf4 Rd4 25. Ne2 1/2-1/2

[Event "4th GRENKE Open 2019"]
[Site "Karlsruhe"]
[Date "2019.04.21"]
[Round "7.35"]
[White "Colpe, Malte"]
[Black "Annaberdiev, Meilis"]
[Result "1/2-1/2"]
[WhiteElo "2374"]
[BlackElo "2525"]
[Annotator "ChessBase"]
[PlyCount "92"]
[EventDate "2019.04.18"]
[EventType "swiss"]
[EventCountry "GER"]
[SourceTitle "playchess.com"]
[Source "ChessBase"]
[SourceQuality "1"]

1. d4 Nf6 2. c4 g6 3. Nc3 Bg7 4. e4 d6 5. f4 c5 6. d5 O-O 7. Nf3 e6 8. Be2 exd5 9. cxd5 Nbd7 10. O-O Re8 11. Qc2 c4 12. Bxc4 Nc5 13. e5 Bf5 14. Qd1 dxe5 15. fxe5 Ng4 16. e6 fxe6 17. Kh1 Bxc3 18. bxc3 Ne4 19. Qd4 e5 20. Qg1 Qb6 21. Qxb6 axb6 22. Ng5 Ngf2+ 23. Kg1 Rec8 24. Bb3 Nc5 25. Bd2 Nfd3 26. h3 h6 27. Ne6 Nxb3 28. axb3 Rxa1 29. Rxa1 Bxe6 30. dxe6 Kg7 31. Ra7 Rc7 32. Be3 Nc5 33. b4 Nxe6 34. Bxb6 Rxc3 35. Rxb7+ Kf6 36. b5 Rb3 37. Ba7 e4 38. Kf2 Ke5 39. Be3 Rb2+ 40. Kf1 Rb1+ 41. Kf2 Rb2+ 42. Kf1 g5 43. b6 Rb1+ 44. Kf2 Rb2+ 45. Kf1 Rb3 46. Kf2 Rb2+ 1/2-1/2

[Event "4th GRENKE Open 2019"]
[Site "Karlsruhe"]
[Date "2019.04.21"]
[Round "7.36"]
[White "Nasuta, Grzegorz"]
[Black "Chekletsov, Ilya"]
[Result "1-0"]
[WhiteElo "2516"]
[BlackElo "2373"]
[Annotator "ChessBase"]
[PlyCount "117"]
[EventDate "2019.04.18"]
[EventType "swiss"]
[EventCountry "GER"]
[SourceTitle "playchess.com"]
[Source "ChessBase"]
[SourceQuality "1"]

1. e4 c5 2. Nf3 d6 3. Bb5+ Bd7 4. Bxd7+ Qxd7 5. c4 Nf6 6. Nc3 g6 7. d4 cxd4 8. Nxd4 Bg7 9. f3 Qc7 10. b3 Qa5 11. Qd3 Nc6 12. Be3 Nd7 13. O-O Nxd4 14. Bxd4 Bxd4+ 15. Qxd4 Qc5 16. Rad1 O-O-O 17. Nd5 Rhe8 18. Qf2 Qxf2+ 19. Kxf2 Nb6 20. Nc3 Nd7 21. g4 Rh8 22. Nd5 Rde8 23. h4 h5 24. g5 Nb6 25. Nxb6+ axb6 26. f4 Kc7 27. f5 Ra8 28. a4 Ra5 29. Ke3 Kd7 30. Rd5 Rc5 31. Kd4 Rhc8 32. Kc3 Ke8 33. f6 Kd7 34. fxe7 Rxd5 35. exd5 Kxe7 36. Rf6 Ra8 37. Kb4 Ra5 38. Rf1 Rc5 39. Rf2 Ra5 40. Ra2 Kd7 41. Kc3 Ra8 42. Kd4 Rf8 43. Rf2 Ke7 44. Rf6 Ra8 45. Kc3 Ra5 46. Rf4 Ra8 47. Rf1 Ke8 48. Ra1 Kd7 49. b4 Rf8 50. Rf1 Ke7 51. a5 bxa5 52. bxa5 f6 53. gxf6+ Rxf6 54. Rxf6 Kxf6 55. c5 dxc5 56. Kc4 g5 57. hxg5+ Kxg5 58. a6 bxa6 59. Kxc5 1-0

[Event "4th GRENKE Open 2019"]
[Site "Karlsruhe"]
[Date "2019.04.21"]
[Round "7.37"]
[White "Stark, Lars"]
[Black "Admiraal, Miguoel"]
[Result "0-1"]
[WhiteElo "2362"]
[BlackElo "2516"]
[Annotator "ChessBase"]
[PlyCount "148"]
[EventDate "2019.04.18"]
[EventType "swiss"]
[EventCountry "GER"]
[SourceTitle "playchess.com"]
[Source "ChessBase"]
[SourceQuality "1"]

1. c4 b6 2. Nc3 Bb7 3. e4 e6 4. Nge2 Nf6 5. d3 c5 6. g3 a6 7. Bg2 d6 8. O-O Qc7 9. h3 Be7 10. Be3 O-O 11. Qd2 Nc6 12. d4 cxd4 13. Nxd4 Nxd4 14. Qxd4 Nd7 15. Rac1 Rac8 16. Rfd1 Qb8 17. Na4 Rc6 18. Qd2 Rfc8 19. b3 b5 20. Nb2 R6c7 21. Qa5 Bc6 22. Nd3 Nf6 23. Nb4 Bxe4 24. Nxa6 Qa8 25. Bxe4 Nxe4 26. Qxc7 Rxc7 27. Nxc7 Qxa2 28. cxb5 h5 29. Rd4 d5 30. b6 Qxb3 31. Kg2 Ba3 32. Ra1 Nd6 33. Rdd1 Bb2 34. Rab1 Qc2 35. Na6 Kh7 36. Bc5 Nb7 37. Be3 d4 38. Bd2 Qc6+ 39. Kg1 Qxb6 40. Nb4 Bc3 41. Na2 Qc6 42. Nxc3 dxc3 43. Bxc3 Nc5 44. h4 Qf3 45. Bd4 Ne4 46. Rbc1 e5 47. Ba7 Nc3 48. Rxc3 Qxc3 49. Be3 Qc6 50. Rc1 Qf3 51. Rc7 Kg6 52. Bc5 Qd5 53. Be3 Kf5 54. Rc5 Qf3 55. Rc4 Qd5 56. Rb4 f6 57. Kh2 Qf3 58. Ra4 Qd5 59. Rb4 Qd1 60. Rb7 Qg4 61. Ra7 Kg6 62. Ra6 Qc4 63. Ra7 f5 64. Re7 Qe4 65. Bg5 Qd4 66. Re6+ Kf7 67. Re7+ Kf8 68. Kg2 Qd5+ 69. Kg1 f4 70. gxf4 exf4 71. Ra7 Qd1+ 72. Kg2 Qg4+ 73. Kf1 f3 74. Ke1 Qg1+ 0-1

[Event "4th GRENKE Open 2019"]
[Site "Karlsruhe"]
[Date "2019.04.21"]
[Round "7.38"]
[White "Arcuti, Davide"]
[Black "Zanan, Evgeny"]
[Result "0-1"]
[WhiteElo "2358"]
[BlackElo "2510"]
[Annotator "RC"]
[PlyCount "96"]
[EventDate "2019.04.18"]
[EventType "swiss"]
[EventCountry "GER"]
[SourceTitle "playchess.com"]
[Source "ChessBase"]
[SourceQuality "1"]

1. d4 Nf6 2. Nf3 g6 3. Bg5 Bg7 4. Nbd2 O-O 5. e4 d6 6. Bd3 c5 7. c3 h6 8. Bh4 Nh5 9. Bg3 cxd4 10. Nxd4 Nc6 11. Nxc6 bxc6 12. Be2 Nxg3 13. hxg3 d5 14. Qc2 Qb6 15. O-O e6 16. Rab1 a5 17. c4 Ba6 18. b3 Rad8 19. Nf3 dxe4 20. Qxe4 c5 21. Rfd1 Bb7 22. Qe3 e5 23. Rxd8 Rxd8 24. Rd1 Rxd1+ 25. Bxd1 e4 26. Nd2 f5 27. g4 Qd6 28. gxf5 gxf5 29. Bc2 Bd4 30. Qe2 Qe6 31. Kf1 Qf6 32. Qh5 Bc6 33. Ke2 Kf8 34. f3 Be8 35. Qh3 Qg5 36. fxe4 Bh5+ 37. Ke1 Bg4 38. Qg3 Be5 39. Qf2 Bd4 40. Qg3 f4 41. Qh2 Bc3 42. Bd3 Kg7 43. Bf1 h5 44. Bd3 Qd8 45. Qxf4 Qxd3 46. Qg5+ Kf7 47. Qf4+ Ke6 48. Qh6+ Ke5 0-1

[Event "4th GRENKE Open 2019"]
[Site "Karlsruhe"]
[Date "2019.04.21"]
[Round "7.39"]
[White "Lobron, Eric"]
[Black "Arman, Deniz"]
[Result "1-0"]
[WhiteElo "2508"]
[BlackElo "2346"]
[Annotator "ChessBase"]
[PlyCount "85"]
[EventDate "2019.04.18"]
[EventType "swiss"]
[EventCountry "GER"]
[SourceTitle "playchess.com"]
[Source "ChessBase"]
[SourceQuality "1"]

1. Nf3 Nf6 2. c4 g6 3. Nc3 d5 4. d4 Bg7 5. Bg5 c5 6. Bxf6 Bxf6 7. cxd5 cxd4 8. Nxd4 Qb6 9. Nb3 a5 10. e3 a4 11. Bb5+ Bd7 12. Nd4 Bxd4 13. Bxd7+ Nxd7 14. Qxd4 Qxd4 15. exd4 Nf6 16. Kd2 Kd7 17. Rhe1 Ra5 18. Re5 Ng4 19. Re2 Nf6 20. Rae1 Re8 21. f3 h5 22. Re5 Ra6 23. a3 Kd6 24. Kd3 Ra5 25. Kc4 Rc8+ 26. Kb4 Ra6 27. Kb5 Rc7 28. g3 Ra8 29. Kb4 Rxc3 30. bxc3 Nxd5+ 31. Rxd5+ Kxd5 32. Rxe7 f5 33. Rd7+ Kc6 34. Rg7 Kd5 35. Rxb7 Re8 36. Rb5+ Kd6 37. Rb6+ Kd5 38. Rxg6 Rb8+ 39. Kxa4 Rb2 40. h4 Rf2 41. Rg5 Rxf3 42. Kb4 Rf1 43. Rxh5 1-0